Famosos por letra - H - Estadísticas

Estadísticas generales
  • Esta prueba ha sido intentada 72 veces
  • La puntuación promedio es 5 de 16
Estadísticas de respuestas
Imagen Respuesta % Correcto
Harry Styles
92%
Henry Cavill
72%
Harrison Ford
70%
Hilary Clinton
62%
Hugo Sánchez
43%
Helena Bonham Carter
41%
Halle Berry
26%
Heidi Klum
16%
Helen Mirren
13%
Harriet Tubman
8%
Ho Chi Minh
7%
Helen Keller
5%
Haya bint Al Husein
2%
Helen Reddy
2%
Howard Schultz
2%
Heather Locklear
0%
No se encontraron pruebas coincidentes
Distribución de puntuación
Porcentaje de gente con cada puntuación
Porcentaje por número respondido
Historial de tus puntuaciones
No has intentado esta prueba.